Widok standardowy
Widok MARC
Pozycja Personal Name
Liczba rekordów, w których użyto hasła: 1
001 - Numer kontrolny
- control field: 40842
003 - Identyfikator numeru kontrolnego
- control field: NUKAT
005 - Data i czas ostatniej modyfikacji
- control field: 20260429110856.0
008 - Dane kontrolne kodowane (40 znaków)
- fixed length control field: 160318n||a|znnaabn |a aaa |c
010 ## - Numer kontrolny Biblioteki Kongresu
- numer kontrolny LC: n 2016048715
024 7# - OTHER STANDARD IDENTIFIER
- Standard number or code: 8145909978427020498
- Source of number or code: viaf
024 7# - OTHER STANDARD IDENTIFIER
- Standard number or code: 0000000511007643
- Source of number or code: isni
040 ## - Instytucja sporządzająca rekord
- inst. przygot. dane do rek. khw: SZCZ M/HS
- język haseł przedmiotowych/tezaurus: kaba
- inst. wprow. rek. khw: SZCZ M/HS
100 1# - Hasło - nazwa osobowa
- nazwa osobowa w formie ujednoliconej: Moskała, Katarzyna.
670 ## - Źródło informacji
- źródło informacji: Życie Sztetla w sztuce Żydów polskich na świecie w XX wieku / [aut. Marta Banaszak et al.]. - Toruń, 2016.
- gdzie znaleziono informację: Współaut.
670 ## - Źródło informacji
- źródło informacji: BNPol online